000 00402cam a2200157ua 4500
003 OSt
008 250527b |||||||| |||| 00| 0 eng d
041 _aeng
082 _a624.17
_bKAM/TH
100 _aRamamrutham, S.
245 _aTheory of structures /
260 _aNew Delhi :
_bDhanpat Rai Publishing Co. Pvt. Ltd. ,
_c2007.
300 _a ; .
700 1 _aNarayanan, R .
_97503
942 _cBK
999 _c12950
_d12950